000 00532nam a22001937a 4500
003 OSt
005 20140310182440.0
008 130402t xxu||||| |||| 00| 0 eng d
020 _a9715063519
050 _aR 724
_b.Al172 2006
100 _aAlora, Dr. Angeles Tan.
_97885
245 _aBioethics for students /
_cAngeles Tan Alora.
260 _aManila :
_bUST Publishing House,
_c2006.
300 _a89 p. :
_c23 cm.
650 _aBioethics.
_97320
650 _aMedical Ethics.
_97324
942 _2lcc
_cSSLC
999 _c13514
_d13514